Hồ sơ một giờ Giảng văn
Cung cấp các tư liệu để soạn giáo án môn văn học một cách tốt nhất cùng những thông tin mang tính chuyên sâu giúp giáo viên có được phương pháp giảng dạy tốt nhất môn văn học
Guardat en:
| Autor principal: | |
|---|---|
| Altres autors: | , |
| Format: | Llibre |
| Idioma: | Vietnamese |
| Publicat: |
H.
Nxb Hà Nội
2002
|
| Matèries: | |
| Etiquetes: |
Afegir etiqueta
Sense etiquetes, Sigues el primer a etiquetar aquest registre!
|
| Thư viện lưu trữ: | Mạng thư viện Đại học Đà Nẵng |
|---|
| LEADER | 01319nam a2200361 4500 | ||
|---|---|---|---|
| 001 | 000004038 | ||
| 003 | 166 | ||
| 005 | 20121211001241.0 | ||
| 008 | 110714s2002 viesd | ||
| 020 | |c 30000 | ||
| 041 | 0 | |a vie | |
| 082 | |a 895.9228 |b HO-D | ||
| 100 | 0 | |a Hoàng Dân | |
| 245 | 0 | |a Hồ sơ một giờ Giảng văn |c Hoàng Dân | |
| 260 | |a H. |b Nxb Hà Nội |c 2002 | ||
| 300 | |a 291tr |c 20,5cm | ||
| 520 | |a Cung cấp các tư liệu để soạn giáo án môn văn học một cách tốt nhất cùng những thông tin mang tính chuyên sâu giúp giáo viên có được phương pháp giảng dạy tốt nhất môn văn học | ||
| 653 | |a Văn học Việt Nam | ||
| 653 | |a Dạy và học | ||
| 700 | |a Hoàng Dân | ||
| 700 | |a Trần Đăng Tự | ||
| 700 | |a Đỗ Thị Ánh Tuyết | ||
| 910 | |a Ngô Văn Đường | ||
| OWN | |a LSP | ||
| AVA | |a UDN50 |b LSP |d 895.9228 HO-D |e available |t Error 5001 Not defined in file expand_doc_bib_avail. |f 9 |g 0 |h N |i 0 |k 1 | ||
| 999 | |a From the UDN01 | ||
| AVA | |a UDN50 |b LSP |d 895.9228 HO-D |e available |t Error 5001 Not defined in file expand_doc_bib_avail. |f 9 |g 0 |h N |i 0 |k 1 | ||
| TYP | |a Monograph | ||
| TYP | |a Printed language | ||
| 980 | |a Mạng thư viện Đại học Đà Nẵng | ||